Statistics for Primetime Emmy for Outstanding Supporting Actress in a Drama Series

Click here to take the quiz!

General Stats

  • This quiz has been taken 13 times
    (2 since last reset)
  • The average score is 5 of 55

Answer Stats

Answer% Correct
Jennifer Coolidge
100%
Allison Janney
50%
Ann B. Davis
50%
Camryn Manheim
50%
Drea de Matteo
50%
Katherine Heigl
50%
Marg Helgenberger
50%
Uzo Aduba
50%
Agnes Moorehead
0%
Alfre Woodard
0%
Anna Gunn
0%
Ann Dowd
0%
Archie Panjabi
0%
Audrey Meadows
0%
Barbara Anderson
0%
Barbara Hale
0%
Betty Thomas
0%
Blythe Danner
0%
Bonnie Bartlett
0%
Cherry Jones
0%
Dianne Wiest
0%
Don Knotts
0%
Doris Roberts
0%
Ellen Corby
0%
Gail Fisher
0%
Gillian Anderson
0%
Glenda Farrell
0%
Holland Taylor
0%
Jane Wyatt
0%
Jenny Agutter
0%
Joanna Miles
0%
Julia Garner
0%
Julianna Margulies
0%
Kim Delaney
0%
Kristy McNichol
0%
Lee Grant
0%
Leigh Taylor-Young
0%
Madge Sinclair
0%
Maggie Smith
0%
Margaret Leighton
0%
Margo Martindale
0%
Mary Alice
0%
Melanie Mayron
0%
Nancy Marchand
0%
Nanette Fabray
0%
Pamela Brown
0%
Pat Carroll
0%
Patricia Wettig
0%
Ruth White
0%
Stockard Channing
0%
Susan Saint James
0%
Thandiwe Newton
0%
Tyne Daly
0%
Valerie Mahaffey
0%
Vivian Vance
0%

Score Distribution

Percentile by Number Answered

Percent of People with Each Score

Your Score History

You have not taken this quiz since the last reset